[Event "Moscow Open Women 2012"]
[Site "Moscow RUS"]
[Date "2012.01.28"]
[Round "1.16"]
[White "Schevyova,Lubov"]
[Black "Strutinskaya,G"]
[Result "1/2-1/2"]
[WhiteElo "1913"]
[BlackElo "2298"]

1.e4 c5 2.c3 Nf6 3.e5 Nd5 4.d4 cxd4 5.Nf3 d6 6.cxd4 Nc6 7.Bc4 e6 8.O-O Be7
9.Nbd2 dxe5 10.dxe5 Nb6 11.Bb5 Qd5 12.Qb3 Bd7 13.Re1 Rc8 14.Nc4 Nxc4 15.Bxc4 Qc5
16.Bd3 Nb4 17.Be4 b6 18.Be3 Qc4 19.Nd2 Qb5 20.Nf3 Qa4 21.Red1 O-O 22.Ng5 h6
23.Nf3 Rc7 24.Nd4 Qa5 25.Bf4 g5 26.Qg3 Kh8 27.Bd2 Qc5 28.Qh3 Kg7 29.Nb3 Qb5
30.Qg3 Rfc8 31.h4 f6 32.exf6+ Bxf6 33.hxg5 hxg5 34.a4 Qc4 35.Bxg5 Qxe4 36.Bf4+ Kf7
37.Bxc7 Nd5 38.Rxd5 Qxd5 39.Qd6 Bxb2 40.Rb1 Qxd6 41.Bxd6 Rc2 42.Na1 Rc1+
43.Rxc1 Bxc1 44.Nb3 Bb2 45.a5 Ba4 46.axb6 axb6 47.Nd2 Bc6 48.Nc4 Bd4 49.Ne5+ Bxe5
50.Bxe5 b5 51.Bc3 Kg6 52.f3 Kf5 53.Kf2 Bd5 54.Ke3 Bc4 55.g3 Bd5 56.Kf2 Bb3
57.Ke3 Bd5 58.Kf2  1/2-1/2

[Event "17th HIT Open A"]
[Site "Nova Gorica SLO"]
[Date "2012.01.28"]
[Round "3"]
[White "Brcar,Matej"]
[Black "Zamar Kodelja,Jurij"]
[Result "0-1"]
[WhiteElo "1592"]
[BlackElo "1726"]

1.e4 c5 2.c3 Nf6 3.e5 Nd5 4.d4 cxd4 5.Nf3 Nc6 6.cxd4 e6 7.Bc4 Nb6 8.Bb3 d6
9.O-O dxe5 10.dxe5 Qxd1 11.Rxd1 Bd7 12.Nc3 Na5 13.Bc2 Bc6 14.Nd4 Bc5 15.Ndb5 O-O
16.b3 Bxb5 17.Nxb5 Nc6 18.Bb2 Ne7 19.Be4 Ned5 20.Rac1 Rfc8 21.Nc3 Nxc3 22.Rxc3 Bb4
23.Rxc8+ Rxc8 24.Bxb7 Rc2 25.Rd8+ Bf8 26.Ba3 Nd7 27.g3 Rc7 28.Bg2 Nc5 29.Bb4 g6
30.Ba5 Rd7 31.Rc8 Nb7 32.Bc6 Rd1+ 33.Kg2 Nxa5 34.Be8 Nb7 35.Rc7 Nd8 36.Rxa7 Rd5
37.f4 Rd2+ 38.Kh3 Bc5 39.Kg4 Bxa7  0-1

[Event "TCh-BEL 2011-12"]
[Site "Belgium BEL"]
[Date "2012.01.29"]
[Round "7.4"]
[White "Michalczak,T"]
[Black "Decoster,F"]
[Result "1/2-1/2"]
[WhiteElo "2316"]
[BlackElo "2316"]

1.e4 c5 2.c3 Nf6 3.e5 Nd5 4.Nf3 Nc6 5.Bc4 Nb6 6.Bb3 c4 7.Bc2 Qc7 8.O-O Nxe5
9.Nxe5 Qxe5 10.Re1 Qf6 11.d3 cxd3 12.Bxd3 e6 13.Qh5 Qd8 14.a4 Be7 15.c4 d6
16.Nc3 Nd7 17.Bf4 Nf6 18.Qf3 a6 19.h3 Qa5 20.Rad1 h6 21.Be4 Qb4 22.Qd3 e5
23.Bd2 Qb6 24.Bd5 O-O 25.Bxh6 Be6 26.Qg3 Nh5 27.Qf3 Nf6 28.Qg3 Nh5 29.Qf3 Nf6
30.Qg3  1/2-1/2

[Event "ch-TUR 2012"]
[Site "Kemer TUR"]
[Date "2012.01.29"]
[Round "1"]
[White "Nas,Muhammed Akif Bahaddin"]
[Black "Comez,K"]
[Result "0-1"]
[WhiteElo "1645"]
[BlackElo "2186"]

1.e4 c5 2.c3 Nf6 3.e5 Nd5 4.c4 Nb6 5.f4 Nc6 6.Nf3 d6 7.Be2 Bf5 8.O-O Nb4
9.d3 dxe5 10.Nxe5 Qd4+ 11.Kh1 Rd8 12.Rf3 f6 13.g4 Be4 14.Nc3 Bxf3+ 15.Nxf3 Nxd3
16.Qc2 Qxc4 17.b3 Nb4 18.Qb2 Qe6 19.Nb5 Qe4 20.Nc3 Qc2 21.g5 e6 22.Bb5+ Kf7
23.a3 Qxb2 24.Bxb2 Nd3 25.Bc1 Nxc1 26.Rxc1 Bd6 27.gxf6 gxf6 28.Ne4 Bxf4 29.Rxc5 Rhg8
30.Be2 Rc8 31.Nd4 Rxc5 32.Nxc5 Be3 33.Bh5+ Ke7  0-1

[Event "ch-TUR 2012"]
[Site "Kemer TUR"]
[Date "2012.01.29"]
[Round "1"]
[White "Diril,D"]
[Black "Atakisi,U"]
[Result "0-1"]
[WhiteElo "1718"]
[BlackElo "2345"]

1.e4 c5 2.c3 Nf6 3.e5 Nd5 4.d4 cxd4 5.Nf3 Nc6 6.cxd4 d6 7.Bc4 dxe5 8.dxe5 Nb6
9.Qxd8+ Nxd8 10.Be2 Nc6 11.Nc3 Be6 12.O-O g6 13.Nb5 Rc8 14.Be3 Nd5 15.Nbd4 Nxe3
16.fxe3 Bd5 17.Nxc6 Bxc6 18.Ng5 Bh6 19.Nxf7 Bxe3+ 20.Kh1 O-O 21.Bg4 Rc7 22.Be6 Kg7
23.Rad1 Bb5 24.Rfe1 Bf2 25.Re4 Bd3 26.Rf4 Be3 27.Ra4 Bc2 28.Ra3 Bxd1 29.Rxe3 Bb3  0-1

[Event "17th HIT Open A"]
[Site "Nova Gorica SLO"]
[Date "2012.01.29"]
[Round "4"]
[White "Suc,T"]
[Black "Laposi,Andrej"]
[Result "1-0"]
[WhiteElo "2106"]
[BlackElo "1816"]

1.e4 c5 2.c3 Nf6 3.e5 Nd5 4.d4 cxd4 5.cxd4 Nc6 6.Nf3 e6 7.Bd3 d6 8.O-O Be7
9.Qe2 Bd7 10.Nc3 Nxc3 11.bxc3 dxe5 12.dxe5 O-O 13.Qe4 g6 14.Bh6 Re8 15.Rab1 Rb8
16.h4 Bf8 17.Bxf8 Rxf8 18.h5 Ne7 19.Qg4 Nf5 20.Rfd1 Qe7 21.Ng5 Kg7 22.Ne4 Bc6
23.Nd6 Qh4 24.Nxf5+  1-0

[Event "85th ch-St Petersburg SF"]
[Site "St Petersburg RUS"]
[Date "2012.01.29"]
[Round "2.16"]
[White "Dubovsky,A"]
[Black "Kuzmin,E"]
[Result "1/2-1/2"]
[WhiteElo "1976"]
[BlackElo "2132"]

1.e4 c5 2.c3 Nf6 3.e5 Nd5 4.d4 cxd4 5.cxd4 Nc6 6.Bc4 Nb6 7.Bb3 d6 8.exd6 Qxd6
9.Nf3 Bf5 10.Nc3 e6 11.O-O Rd8 12.Nb5 Qb8 13.Be3 a6 14.Nc3 Be7 15.Qe2 O-O
16.Rfd1 Nb4 17.Rac1 N4d5 18.Ne5 Bd6 19.Nxd5 Nxd5 20.Bd2 Qa7 21.Ba5 Rc8 22.Nc4 Bf4
23.Ne3 Nxe3 24.fxe3 Bg4 25.Qd3 Bxd1 26.Rxd1 Bd6 27.Bc2 g6 28.Bc3 b5 29.a3 Qc7
30.g3 Rfd8 31.Bb3 Qe7 32.Qd2 Qg5 33.Rf1 Rb8 34.Rf3 Qe7 35.Ba5 Rdc8 36.e4 Qb7
37.Qf2 Rc1+ 38.Kg2 Qxe4 39.Kh3 Rb7 40.Bd2 Rc8 41.Rf6 Bf8 42.Bd1 Rd7 43.Bc3 Bg7
44.Rf4 Qb7 45.Bb3 Qb6 46.Qf1 Qa7 47.Qe2 Qb7 48.Qe1 Rcd8 49.Ba5 Rxd4 50.Bxd8 Rxd8
51.Rxf7 Qc6 52.Bxe6 Re8 53.Rxg7+  1/2-1/2

[Event "Gibraltar Open"]
[Site "Caleta ENG"]
[Date "2012.01.30"]
[Round "7.101"]
[White "Spence,D"]
[Black "Flynn,D"]
[Result "1-0"]
[WhiteElo "2213"]
[BlackElo "1973"]

1.e4 c5 2.c3 Nf6 3.e5 Nd5 4.d4 cxd4 5.Nf3 Nc6 6.cxd4 d6 7.Bc4 Nb6 8.Bb3 dxe5
9.d5 Na5 10.Nc3 Nxb3 11.Qxb3 e6 12.Nxe5 Bd6 13.Qb5+ Kf8 14.Nf3 exd5 15.Be3 Be6
16.O-O d4 17.Nxd4 Bc4 18.Qf5 Qc8 19.Rfe1 Qxf5 20.Nxf5 Bc7 21.Bc5+ Kg8 22.Ne7+ Kf8
23.Nc8+  1-0

[Event "Gibraltar Open"]
[Site "Caleta ENG"]
[Date "2012.01.30"]
[Round "7.53"]
[White "Adnani,Mokhlis"]
[Black "Freuler,R"]
[Result "1-0"]
[WhiteElo "2386"]
[BlackElo "2077"]

1.e4 c5 2.c3 Nf6 3.e5 Nd5 4.Nf3 Nc6 5.d4 cxd4 6.Bc4 e6 7.cxd4 Be7 8.O-O O-O
9.Nc3 Nxc3 10.bxc3 d6 11.Qe2 dxe5 12.dxe5 Qa5 13.Qe4 Qa4 14.Bg5 Bd7 15.Rab1 b6
16.Rfd1 Rfd8 17.Qh4 Qa3 18.Bb5 Bxg5 19.Nxg5 Nxe5 20.Qxh7+ Kf8 21.Bxd7 Nxd7
22.Rxd7 Rxd7 23.Qh8+ Ke7 24.Qxa8 Qxa2 25.Qe4 Rd2 26.Qb4+ Ke8 27.Ne4 Re2 28.Rd1  1-0

[Event "Gibraltar Open"]
[Site "Caleta ENG"]
[Date "2012.01.30"]
[Round "7.75"]
[White "Kulkarni,R"]
[Black "Lam,Daniel King-wai"]
[Result "1-0"]
[WhiteElo "2252"]
[BlackElo "2022"]

1.e4 c5 2.c3 Nf6 3.e5 Nd5 4.Bc4 Nb6 5.Bb3 Nc6 6.Nf3 d5 7.exd6 Qxd6 8.O-O g6
9.d4 c4 10.Bc2 Bg7 11.Na3 O-O 12.Nb5 Qd8 13.Re1 Re8 14.b3 Be6 15.Rxe6 fxe6
16.Ng5 e5 17.Qf3 Bf6 18.Nxh7 exd4 19.Bxg6 Ne5 20.Qh5 Nxg6 21.Qxg6+ Kh8 22.Qh5 Kg7
23.Nxf6 exf6 24.Bh6+ Kh7 25.Bg5+ Kg7 26.Qh6+ Kf7 27.Qh7+  1-0

[Event "ch-TUR w 2012"]
[Site "Kemer TUR"]
[Date "2012.01.30"]
[Round "3"]
[White "Eroglu,Deniz"]
[Black "Alev,G"]
[Result "0-1"]
[WhiteElo "1376"]
[BlackElo "1617"]

1.e4 c5 2.c3 Nf6 3.e5 Nd5 4.d4 cxd4 5.cxd4 e6 6.Nf3 Be7 7.Nc3 Nxc3 8.bxc3 O-O
9.Bd3 d6 10.O-O Nc6 11.Re1 dxe5 12.Nxe5 Nxe5 13.Rxe5 g6 14.Bh6 Bf6 15.Rc5 Re8
16.Qf3 Be7 17.Rb5 a6 18.Rb3 Rb8 19.Bxa6 b6 20.Bxc8 Rxc8 21.Rab1 Rb8 22.Bf4 Bd6
23.Bh6 Be7 24.Qc6 Bd6 25.Rxb6 Rxb6 26.Qxb6 Bxh2+ 27.Kxh2 Qh4+ 28.Kg1 Qxh6
29.a4 Rc8 30.Qb4 Qd2 31.c4 Qxd4 32.a5 Rxc4 33.Qb6 Qd2 34.g3 Ra4 35.a6 Qd7
36.Qb7 Qd4 37.Kh2 Qxf2+ 38.Kh1 Ra2 39.Qc8+ Kg7 40.Qc3+ Kh6 41.Qc1+ g5 42.Qg1 Qf3+
43.Qg2 Qxg2+  0-1

[Event "Moscow Open F 2012"]
[Site "Moscow RUS"]
[Date "2012.01.30"]
[Round "3.10"]
[White "Shalin,Alexey"]
[Black "Travkina,A"]
[Result "1-0"]
[WhiteElo "1938"]
[BlackElo "2178"]

1.e4 c5 2.c3 Nf6 3.e5 Nd5 4.g3 e6 5.f4 d6 6.Nf3 Nc6 7.Bg2 Be7 8.O-O O-O 9.Qe2 Rb8
10.d3 Qc7 11.Nbd2 b5 12.Kh1 Bb7 13.Ne4 Rbd8 14.c4 bxc4 15.dxc4 Nb6 16.exd6 Bxd6
17.b3 Be7 18.Bb2 Nd7 19.Rad1 Rfe8 20.Nfg5 h6 21.Qh5 hxg5 22.Rxd7 Rxd7 23.fxg5 Bxg5
24.Nxg5 Ne5 25.Qh7+ Kf8 26.Qh8+ Ke7 27.Qxg7 Bxg2+ 28.Kxg2 Rd2+ 29.Kg1 Rxb2
30.Nxf7 Nd3 31.Qf6+ Kd7 32.Rd1 Kc8 33.Rxd3 Rb1+ 34.Kf2 Kb8 35.Ne5 Rb2+ 36.Ke3 Rb1
37.Kd2 Qa5+ 38.Ke3 Re1+ 39.Kf2 Kc8 40.Qf7 Qxa2+ 41.Kxe1 Qa1+ 42.Kd2 Qb2+
43.Kd1 Qa1+ 44.Kc2 Qa2+ 45.Kd1 Qa1+ 46.Ke2 Qxe5+ 47.Re3 Qb2+ 48.Kf3 Qh8 49.Kg2 Qb2+
50.Kf1 Qa1+ 51.Kg2 Qb2+ 52.Qf2 Qd4 53.Qf3 Kb8 54.Re4 Qb2+ 55.Re2 Qg7 56.Qc6 Qf7
57.Qxc5 Qb7+ 58.Kg1 Qxb3 59.Qd6+ Kc8 60.Qc6+ Kd8 61.Rd2+ Ke7 62.Qd7+ Kf6
63.Rf2+ Ke5 64.Qxe8 Qb1+ 65.Rf1 Qb6+ 66.Kg2 Qb7+ 67.Rf3  1-0

[Event "ch-TUR 2012"]
[Site "Kemer TUR"]
[Date "2012.01.31"]
[Round "5"]
[White "Sevgi,V"]
[Black "Apaydin,F"]
[Result "1-0"]
[WhiteElo "1941"]
[BlackElo "2213"]

1.e4 c5 2.c3 Nf6 3.e5 Nd5 4.d4 cxd4 5.Nf3 e6 6.cxd4 b6 7.Bc4 Bb7 8.O-O Be7
9.Nbd2 O-O 10.Ne4 f5 11.exf6 Nxf6 12.Nxf6+ Bxf6 13.d5 e5 14.Nd2 d6 15.Ne4 Qe7
16.b3 Nd7 17.Ba3 Nc5 18.Bxc5 bxc5 19.Nxc5 e4 20.Ne6 Bxa1 21.Nxf8 Rxf8 22.Qxa1 e3
23.Qc3 exf2+ 24.Rxf2 Qe4 25.Rxf8+ Kxf8 26.Qf3+ Qxf3 27.gxf3 Ke7 28.f4 Kf6
29.Kf2 g5 30.Kf3 h5 31.b4 h4 32.b5 Bc8 33.a4 g4+ 34.Ke3 Bb7 35.a5 h3 36.Kf2 Kf5
37.Kg3 Ke4 38.Kxg4 Bc8+ 39.Kg5 Kd4 40.f5  1-0

[Event "ch-TUR w 2012"]
[Site "Kemer TUR"]
[Date "2012.01.31"]
[Round "5"]
[White "Yassibag,Ipek Asli"]
[Black "Durmaz,A"]
[Result "0-1"]
[WhiteElo "1430"]
[BlackElo "1823"]

1.e4 c5 2.c3 Nf6 3.e5 Nd5 4.d4 cxd4 5.cxd4 b6 6.Bc4 Bb7 7.Qf3 e6 8.Ne2 Qc7
9.Bb3 d6 10.Qg3 dxe5 11.dxe5 Nd7 12.f4 Nc5 13.O-O Ne4 14.Ba4+ Bc6 15.Bxc6+ Qxc6
16.Qf3 Bc5+ 17.Kh1 Ne7 18.Nbc3 Nxc3 19.Qxc6+ Nxc6 20.Nxc3 O-O 21.Ne4 Bd4
22.Nd6 Rfd8 23.Nb5 Bc5 24.a3 a6 25.Nc3 Bd4 26.Bd2 Bxe5 27.Be3 Bc7 28.Na4 b5
29.Rac1 bxa4 30.Rxc6 Ba5 31.Rfc1 h6 32.Bb6 Bxb6 33.Rxb6 Rd2 34.h3 Rf2 35.Rc4 Rd8
36.Rc1 Rdd2 37.Rg1 Rxf4 38.Rxa6 Rxb2 39.Ra1 Rd4 40.Rc6 Rdd2 41.Rg1 Ra2 42.Rc3 Rdb2
43.Rc8+ Kh7 44.Rc7 Kg6 45.Rc4 Rxa3 46.Rg4+ Kh7 47.Rf1 f5 48.Rc4 Raa2 49.Rg1 e5
50.Rc5 Re2 51.Kh2 f4 52.Rc3 e4 53.Rcc1 f3 54.Rcf1 Rxg2+ 55.Rxg2 Rxg2+ 56.Kh1 a3
57.Ra1 a2 58.Rc1 Rb2 59.Rg1 Rb1 60.Rxb1 axb1=Q+  0-1

[Event "ch-TUR 2012"]
[Site "Kemer TUR"]
[Date "2012.01.31"]
[Round "5"]
[White "Diril,D"]
[Black "Duzgun,M"]
[Result "1/2-1/2"]
[WhiteElo "1718"]
[BlackElo "1984"]

1.e4 c5 2.c3 Nf6 3.e5 Nd5 4.d4 cxd4 5.Nf3 Nc6 6.cxd4 e6 7.a3 d6 8.Bd3 g6
9.O-O Bg7 10.Qe2 O-O 11.h4 h5 12.Bg5 Qc7 13.Re1 Qb6 14.Bc4 Nxd4 15.Nxd4 Qxd4
16.Bxd5 Qxd5 17.Be7 Re8 18.Bxd6 b6 19.Nc3 Qc6 20.Rac1 Bb7 21.f3 Bh6 22.Rcd1 Bg7
23.Rc1 Bh6 24.Rcd1 Rac8 25.Ne4 Bg7 26.Qd2 Red8 27.Rc1 Qa4 28.Qe3 Bxe4 29.Rxc8 Rxc8
30.Qxe4 Rc4 31.Qa8+ Kh7 32.Qb7 Rxh4 33.b4 Qc2 34.Qxf7 Qd2 35.Re4 Qc1+ 36.Kf2 Rh1
37.Bf8 Qg1+ 38.Kg3 Qh2+ 39.Kf2 Qg1+ 40.Kg3 Qh2+ 41.Kf2 Qg1+ 42.Kg3 Qh2+ 43.Kf2 Qg1+  1/2-1/2

[Event "17th HIT Open A"]
[Site "Nova Gorica SLO"]
[Date "2012.02.01"]
[Round "8"]
[White "Pagnutti,L"]
[Black "Laposi,Andrej"]
[Result "1-0"]
[WhiteElo "1998"]
[BlackElo "1816"]

1.e4 c5 2.c3 Nf6 3.e5 Nd5 4.d4 cxd4 5.cxd4 Nc6 6.Nf3 e6 7.a3 d6 8.Bd3 Be7
9.O-O O-O 10.Re1 Qb6 11.b4 a6 12.Bc2 f5 13.Qd3 Rd8 14.exd6 Rxd6 15.Bb2 Bf6
16.Bb3 Nf4 17.Qxf5 Nxd4 18.Nxd4 Bxd4 19.Qxf4 Bxb2 20.Ra2 Bd4 21.Nd2 Qd8 22.Ne4 Rc6
23.Rd2 Qb6 24.Red1 Bf6 25.Nxf6+ gxf6  1-0

[Event "Gibraltar Open"]
[Site "Caleta ENG"]
[Date "2012.02.02"]
[Round "10.36"]
[White "Hamer,M"]
[Black "Lupulescu,C"]
[Result "0-1"]
[WhiteElo "2010"]
[BlackElo "2648"]

1.e4 c5 2.c3 Nf6 3.e5 Nd5 4.d4 cxd4 5.cxd4 d6 6.Nf3 Nc6 7.Bc4 Nb6 8.Bb5 dxe5
9.Nxe5 Bd7 10.Bxc6 Bxc6 11.Nxc6 bxc6 12.O-O e6 13.Nc3 Be7 14.Be3 O-O 15.Rc1 Rc8
16.Qe2 Qd7 17.Rfd1 Rfd8 18.a3 Qb7 19.Ne4 Rd5 20.Nc5 Bxc5 21.dxc5 Rxd1+ 22.Rxd1 Nd5
23.Bd4 Re8 24.Be5 f6 25.Bd6 e5 26.b4 Kh8 27.Qc4 a6 28.Rb1 Qb5 29.Qb3 e4 30.a4 Qd3
31.h3 Nc3 32.Rb2 h6 33.Kh2 Kh7 34.Qf7 Rg8 35.Qb3 Rd8 36.Bf4 Nd1 37.Qxd3 Rxd3
38.Rd2 Nc3 39.Rxd3 exd3 40.Bd2 Nxa4 41.Kg3 Nb2 42.Kf3 Nc4 43.Be3 g5 44.Ke4 d2
45.Bxd2 Nxd2+ 46.Kf5 Kg7 47.Ke6 Nb3 48.Kd6 Nd4 49.Kc7 Kf7  0-1

[Event "ch-TUR 2012"]
[Site "Kemer TUR"]
[Date "2012.02.02"]
[Round "7"]
[White "Diril,D"]
[Black "Bagci,H"]
[Result "0-1"]
[WhiteElo "1718"]
[BlackElo "1859"]

1.e4 c5 2.c3 Nf6 3.e5 Nd5 4.d4 cxd4 5.Nf3 Nc6 6.cxd4 e6 7.a3 d6 8.Bd3 g6
9.O-O Bg7 10.Qe2 O-O 11.h4 Qb6 12.Qe4 f5 13.Qe2 Nxd4 14.Nxd4 Qxd4 15.exd6 Qxh4
16.Bb5 Qd8 17.Nd2 a6 18.Bc4 Qxd6 19.Nb3 b5 20.Bxd5 Qxd5 21.Be3 Qxb3  0-1

[Event "ch-TUR 2012"]
[Site "Kemer TUR"]
[Date "2012.02.02"]
[Round "7"]
[White "Sahin,S"]
[Black "Apaydin,F"]
[Result "0-1"]
[WhiteElo "1924"]
[BlackElo "2213"]

1.e4 c5 2.c3 Nf6 3.e5 Nd5 4.d4 cxd4 5.Nf3 e6 6.Qxd4 Qc7 7.Nbd2 Nc6 8.Qe4 f5
9.exf6 Nxf6 10.Qh4 Ne5 11.Be2 Ng6 12.Qc4 Bd6 13.g3 O-O 14.Qd3 b6 15.Nc4 Bc5
16.b4 Be7 17.h4 d5 18.Na3 Ba6 19.b5 Bb7 20.h5 Ne5 21.Nxe5 Qxe5 22.Qd4 Qxd4
23.cxd4 Bb4+ 24.Kd1 Ne4 25.Rh2 Nc3+ 26.Ke1 Nxb5+  0-1

[Event "Moscow Open Women 2012"]
[Site "Moscow RUS"]
[Date "2012.02.02"]
[Round "6.10"]
[White "Burtasova,A"]
[Black "Munguntuul,B"]
[Result "0-1"]
[WhiteElo "2263"]
[BlackElo "2452"]

1.e4 c5 2.c3 Nf6 3.e5 Nd5 4.d4 cxd4 5.Nf3 e6 6.cxd4 d6 7.Bc4 Nc6 8.O-O Be7
9.Qe2 O-O 10.Nc3 Nxc3 11.bxc3 b6 12.Bd3 Bb7 13.exd6 Qxd6 14.Re1 Rac8 15.Ng5 Bxg5
16.Bxg5 Ne7 17.Qh5 Ng6 18.Re3 Rxc3 19.Rh3 h6 20.Bd2 Ra3 21.Qg4 Rd8 22.Bxg6 Rxh3
23.Re1 Qxh2+ 24.Kf1 Ba6+  0-1

[Event "Basque Teams 2012"]
[Site "Bergara ESP"]
[Date "2012.02.04"]
[Round "4.2"]
[White "Mindeguia Guruceaga,J"]
[Black "Franco Alonso,A"]
[Result "0-1"]
[WhiteElo "2234"]
[BlackElo "2449"]

1.e4 c5 2.c3 Nf6 3.e5 Nd5 4.d4 cxd4 5.cxd4 e6 6.Nc3 Nxc3 7.bxc3 Qc7 8.c4 d6
9.f4 b6 10.Nf3 Bb7 11.Be2 Nd7 12.O-O Be7 13.Ba3 O-O 14.Rc1 Rad8 15.Qa4 Rfe8
16.Rfd1 Bc6 17.Qb3 Ba8 18.Qe3 Bf8 19.Ng5 dxe5 20.fxe5 Bxa3 21.Qxa3 Nf8 22.Qe3 Re7
23.Ne4 Bxe4 24.Qxe4 Red7 25.h4 h6 26.Qg4 Ng6 27.h5 Ne7 28.Qf3 Rxd4 29.Rf1 Nc6
30.c5 Nxe5 31.Qg3 bxc5  0-1

[Event "TCh-CAT 2012"]
[Site "Catalunya ESP"]
[Date "2012.02.04"]
[Round "2.6"]
[White "Ordobas Martinez,V"]
[Black "Coll Ortega,J"]
[Result "0-1"]
[WhiteElo "2077"]
[BlackElo "2302"]

1.e4 c5 2.c3 Nf6 3.e5 Nd5 4.d4 cxd4 5.Bc4 Nb6 6.Bb3 Nc6 7.cxd4 d5 8.Nc3 Bf5
9.Nge2 e6 10.Ng3 Bg6 11.O-O h5 12.f4 h4 13.f5 hxg3 14.fxg6 Rxh2 15.gxf7+ Kd7
16.Qg4 Qh4 17.Qxh4 Rxh4 18.Rf3 Nxd4 19.Rxg3 Nf5 20.Rh3 Bc5+ 21.Kh2 Bd4 22.Rxh4 Nxh4
23.Bf4 Ng6 24.g3 Bxe5 25.Be3 Ke7 26.Rf1 Nd7 27.Bc2 Ngf8 28.Ba4 Nf6 29.Bc5+ Kxf7
30.Nb5 a6 31.Nd6+ Bxd6 32.Bxd6 b5 33.Bd1 Kg8 34.Bf3 Rc8 35.Rf2 Rc6 36.Bb4 N8d7
37.Bc3 Rc4 38.Kg2 Ne4 39.Bxe4 Rxe4 40.Kf3 b4 41.Bd2 Ne5+ 42.Kg2 Nd3  0-1

[Event "ch-TUR 2012"]
[Site "Kemer TUR"]
[Date "2012.02.04"]
[Round "9"]
[White "Sevgi,V"]
[Black "Gucin,Z"]
[Result "1-0"]
[WhiteElo "1941"]
[BlackElo "2136"]

1.e4 c5 2.c3 Nf6 3.e5 Nd5 4.d4 cxd4 5.Nf3 Nc6 6.cxd4 d6 7.Bc4 e6 8.O-O Be7
9.Qe2 O-O 10.Rd1 Nb6 11.Bd3 Nb4 12.exd6 Qxd6 13.b3 Nxd3 14.Qxd3 Nd5 15.Ne5 f6
16.Nc4 Qc7 17.Bb2 Bd7 18.Nc3 Nxc3 19.Bxc3 Bc6 20.Qe2 Bd5 21.Ne3 Bd6 22.Nxd5 Bxh2+
23.Kh1 exd5 24.Qe6+ Kh8 25.Bb4 Rfd8 26.Rac1 Qb8 27.Be7 Re8 28.Qd7 b6 29.Rc3 Bf4
30.g3 Bg5 31.Rc7 Rg8 32.f4 Bh6 33.Bxf6 Qf8 34.Be5 Rd8 35.Qe6 Re8 36.Qxd5 Qa3
37.Qg2 Ref8 38.Qc2 Rd8 39.d5 Qf8 40.d6 Qe8 41.Kg2 Qe6 42.Qe4 Rge8 43.Re7 Qxe7
44.dxe7  1-0

[Event "Moscow Open 2012 A"]
[Site "Moscow RUS"]
[Date "2012.02.05"]
[Round "9.26"]
[White "Chekhov,S"]
[Black "Sjugirov,S"]
[Result "0-1"]
[WhiteElo "2437"]
[BlackElo "2622"]

1.e4 c5 2.c3 Nf6 3.e5 Nd5 4.d4 cxd4 5.Nf3 e6 6.cxd4 d6 7.a3 Nc6 8.Bd3 dxe5
9.dxe5 g6 10.O-O Bg7 11.Qe2 O-O 12.Re1 Bd7 13.Qe4 Nce7 14.Nbd2 Nf5 15.Nd4 Nxd4
16.Qxd4 Bc6 17.Bf1 Ne7 18.Qxd8 Rfxd8 19.Nc4 Nf5 20.Bg5 Rd4 21.h3 h6 22.Bf6 Bd5
23.Bxg7 Kxg7 24.Ne3 Nxe3 25.Rxe3 Rc8 26.Bd3 g5 27.Rae1 Rd8 28.Bc2 Rd2 29.Rc3 Bc6
30.b4 R8d4 31.Ree3 Rf4 32.f3 Rfd4 33.Rcd3 R4xd3 34.Bxd3 h5 35.Bc4 h4 36.Bd3 Bd5
37.Bb5 a6 38.Bf1 Rc2 39.Be2 Kh6 40.Bf1 b5 41.Be2 Bc4 42.Bxc4 bxc4 43.Re4 Kg6
44.a4 Kf5 45.b5 axb5 46.axb5 c3 47.b6 Rb2 48.Rc4 Rxb6 49.Rxc3 Kxe5 50.Rc2 Rb4
51.Rc7 f5 52.Rc8 Kf4 53.Kh2 Rb2 54.Rg8 Rb7 55.Rg6 Rb6 56.Rg8 Rb2 57.Rg6 Re2
58.Rg8 Ke3 59.Rxg5 Kf2 60.Kh1 Kf1 61.f4 Kf2 62.Rg6 Re3 63.Rg8 Re4 64.Rg6 Re1+
65.Kh2 Re3 66.Kh1 Re1+ 67.Kh2 Re4 68.Rh6 Re3 69.Rg6 Rg3 70.Rxe6 Rxg2+ 71.Kh1 Rg3
72.Kh2 Kf3 73.Ra6 Rg2+ 74.Kh1 Re2 75.Kg1 Kxf4 76.Kf1 Kf3 77.Ra4 Re4 78.Ra8 f4
79.Kg1 Re1+ 80.Kh2 Re2+ 81.Kg1 Rd2 82.Ra3+ Ke4 83.Kf1 Rd3 84.Ra4+ Kf3 85.Kg1 Kg3
86.Kf1 Rd1+ 87.Ke2 Rh1 88.Ra8 f3+ 89.Ke3 Re1+ 90.Kd2 f2  0-1

[Event "76th ch-BUL SF 2012"]
[Site "Plovdiv BUL"]
[Date "2012.02.06"]
[Round "1"]
[White "Petrov,Pl"]
[Black "Nikolova,A"]
[Result "0-1"]
[WhiteElo "1890"]
[BlackElo "2296"]

1.e4 c5 2.c3 Nf6 3.e5 Nd5 4.Bc4 e6 5.Nf3 b6 6.O-O Bb7 7.d4 cxd4 8.cxd4 Qc7
9.Be2 d6 10.Na3 a6 11.Nc4 b5 12.Nxd6+ Bxd6 13.exd6 Qxd6 14.a4 b4 15.Bg5 Nd7
16.Rc1 O-O 17.Qd2 f6 18.Bh4 f5 19.Ne1 f4 20.Kh1 a5 21.Rg1 N5b6 22.b3 e5 23.Rd1 Qh6
24.Be7 Rfe8 25.Bc5 Re6 26.Bxb6 Qxh2+  0-1

[Event "76th ch-BUL SF 2012"]
[Site "Plovdiv BUL"]
[Date "2012.02.06"]
[Round "1"]
[White "Asparuhov,P"]
[Black "Tsvetkov,I"]
[Result "1/2-1/2"]
[WhiteElo "2103"]
[BlackElo "2374"]

1.e4 c5 2.c3 Nf6 3.e5 Nd5 4.d4 cxd4 5.Nf3 Nc6 6.cxd4 d6 7.Bc4 dxe5 8.dxe5 Ndb4
9.Qxd8+ Nxd8 10.Na3 a6 11.Bd2 e6 12.O-O b5 13.Be2 Bb7 14.Rfc1 Be7 15.Nc2 Nd5
16.Ncd4 Kd7 17.Nb3 Nc6 18.Nc5+ Bxc5 19.Rxc5 Rhc8 20.a3 h6 21.Bd3 Nce7 22.Rac1 Rxc5
23.Rxc5 Rc8 24.Rxc8 Nxc8 25.Nd4 Ncb6 26.b3 Ne7 27.f4 Bd5 28.Bc2 Nc6 29.Nxc6 Kxc6
30.Kf2 Nd7 31.b4 Nb6 32.g4 Nc4 33.Bc1 Bh1 34.a4 Kd5 35.axb5 axb5 36.Bh7 Be4
37.Bg8 Bg6 38.f5 exf5 39.gxf5 Bxf5 40.Bxf7+ Kxe5 41.Bxc4  1/2-1/2

[Event "FSGM February"]
[Site "Budapest HUN"]
[Date "2012.02.07"]
[Round "4.3"]
[White "Manca,F"]
[Black "Kislik,E"]
[Result "1/2-1/2"]
[WhiteElo "2425"]
[BlackElo "2380"]

1.e4 c5 2.c3 Nf6 3.e5 Nd5 4.d4 cxd4 5.Nf3 Nc6 6.cxd4 d6 7.Bc4 e6 8.O-O Be7
9.exd6 Qxd6 10.Nc3 O-O 11.Re1 Rd8 12.Bb3 a6 13.a3 b5 14.Ne4 Qc7 15.Bd2 Qb6
16.Bg5 h6 17.Bxd5 Rxd5 18.Bxe7 Nxe7 19.Nc3 Rd8 20.Ne5 Nc6 21.Nxc6 Qxc6 22.d5 exd5
23.Qd4 Be6 24.Rad1 Rac8 25.Re3 Qc5 26.h3 Qxd4 27.Rxd4 Rc4 28.Red3 Rxd4 29.Rxd4 Rc8
30.f4 Rc4 31.Rxc4 dxc4 32.Kf2 Kf8 33.Ke3 Ke7 34.Kd4 Kd6 35.h4 Kc6 36.g3 f6
37.Nd1 a5  1/2-1/2

[Event "11th Aeroflot Open B"]
[Site "Moscow RUS"]
[Date "2012.02.07"]
[Round "1"]
[White "Potapov,P"]
[Black "Ynojosa,F"]
[Result "1-0"]
[WhiteElo "2468"]
[BlackElo "2327"]

1.e4 c5 2.c3 Nf6 3.e5 Nd5 4.Nf3 d6 5.d4 cxd4 6.cxd4 Nc6 7.Bc4 Nb6 8.Bb5 d5
9.O-O Bg4 10.h3 Bxf3 11.Qxf3 e6 12.Be3 Be7 13.Qg3 g6 14.Nc3 O-O 15.a4 Nd7
16.Rad1 a6 17.Bd3 Qb6 18.Qg4 Rfd8 19.Ne2 Bf8 20.Nf4 Bg7 21.h4 Nf8 22.h5 Qb4
23.h6 Bxh6 24.Nh5 Bg7 25.Nxg7 Kxg7 26.Qh4 Nd7 27.Bg5 Kg8 28.Bb1 Rdc8 29.Rd3 Qf8
30.Rh3 Qg7 31.Bh6 Qh8 32.Rf3 Ndxe5 33.dxe5 Nxe5 34.Rf4 Rc7 35.Bg5 Nd7 36.Rxf7 Rc4
37.Rf4 Rac8 38.b3 Rc1 39.Rf8+ Nxf8 40.Bxc1 Kf7 41.Bg5 Qe5 42.Be7 Kg7 43.Bc5 Qf6
44.Qb4 Qf7 45.Bd4+ Kg8 46.Bb2 Qc7 47.Qd4 Kf7 48.Re1 Qe7 49.Re3 Ke8 50.Rf3 Rc6
51.Bd3 Rc7 52.Qe5 Rd7 53.Bc1 Qg7 54.Ba3  1-0

[Event "76th ch-BUL SF 2012"]
[Site "Plovdiv BUL"]
[Date "2012.02.08"]
[Round "4"]
[White "Nikolov,J"]
[Black "Petrov,Pl"]
[Result "1-0"]
[WhiteElo "2097"]
[BlackElo "1890"]

1.e4 c5 2.c3 Nf6 3.e5 Nd5 4.Bc4 e6 5.d4 cxd4 6.cxd4 Nc6 7.Nf3 d6 8.O-O Be7
9.a3 O-O 10.Bd3 a6 11.Qc2 h6 12.Re1 Bd7 13.Qe2 Rc8 14.b4 b5 15.Ra2 Qb6 16.Rc2 Rc7
17.Qe4 f5 18.exf6 Nxf6 19.Qg6 Be8 20.Qg3 Kh8 21.Qh3 Bh5 22.Be3 Bxf3 23.Qxf3 d5
24.Qh3 Nd8 25.Rxc7 Qxc7 26.Rc1 Qd6 27.Nd2 e5 28.dxe5 Qxe5 29.Nf3 Qb2 30.Qf5 Qxa3
31.Ne5 Re8 32.Qg6 Bf8 33.Bxh6 Rxe5 34.h4 Qxc1+ 35.Bxc1 Re1+ 36.Kh2 Rxc1 37.g4 Rc6
38.Qf5 Ne6 39.g5 Nd4 40.Qh3 Bd6+ 41.f4 Bxf4+ 42.Kg2 Ne4 43.Qg4 Be5 44.Qh5+ Rh6
45.Qe8+ Kh7 46.gxh6  1-0

[Event "11th Aeroflot Open B"]
[Site "Moscow RUS"]
[Date "2012.02.09"]
[Round "3"]
[White "Potapov,P"]
[Black "Aldokhin,I"]
[Result "1-0"]
[WhiteElo "2468"]
[BlackElo "2376"]

1.e4 c5 2.c3 Nf6 3.e5 Nd5 4.Nf3 e6 5.d4 cxd4 6.cxd4 d6 7.Bc4 Nc6 8.O-O Be7
9.Re1 O-O 10.a3 Qb6 11.Qd3 Bd7 12.Qe4 Na5 13.Nbd2 Nxc4 14.Nxc4 Qa6 15.b3 b5
16.exd6 bxc4 17.dxe7 Nxe7 18.Ne5 Bc6 19.Qe2 Qb6 20.Qxc4 Bd5 21.Qb4 Qxb4 22.axb4 Rfb8
23.Bd2 Rb7 24.Nd3 Nc6 25.Bc3 Rb6 26.Ra3 Rc8 27.f3 h6 28.Kf2 Rc7 29.Ke3 Ne7
30.Kd2 Nc6 31.Rea1 Kf8 32.Nc5 Ke7 33.Ra6 Rb5 34.h4 h5 35.R6a3 Rc8 36.Nd3 Rd8
37.Ke3 Kd6 38.Ne5 Rb7 39.Nxc6 Bxc6 40.Rxa7 Rxa7 41.Rxa7 Rd7 42.Ra5 Bd5 43.Ra6+ Ke7
44.b5 Rb7 45.b6 Kf6 46.Bb4 Bxb3 47.Kd3 Bd5 48.Bd6 Kf5 49.Bc7 f6 50.Ra5 g5
51.Kc3 gxh4 52.Kb4  1-0

[Event "11th Aeroflot Open B"]
[Site "Moscow RUS"]
[Date "2012.02.11"]
[Round "5"]
[White "Potapov,P"]
[Black "Oparin,G"]
[Result "1/2-1/2"]
[WhiteElo "2468"]
[BlackElo "2466"]

1.e4 c5 2.c3 Nf6 3.e5 Nd5 4.Nf3 d6 5.d4 cxd4 6.cxd4 Nc6 7.Bc4 Nb6 8.Bb5 dxe5
9.Nxe5 Bd7 10.Nxd7 Qxd7 11.O-O e6 12.Nc3 Be7 13.Qg4 O-O 14.Bxc6 bxc6 15.Bh6 Bf6
16.Rfd1 Rfd8 17.Ne4 Qe7 18.Bg5 Bxg5 19.Qxg5 Qxg5  1/2-1/2